Arbeitsmarktpolitische Qualifizierung programme in Österreich <Eine> Multidimensionale Wirkungsanalyse
Na minha lista:
| Autor principal: | |
|---|---|
| Outros Autores: | , |
| Formato: | Livro |
| Idioma: | alemão |
| Publicado em: |
Wien
Institut für Höhere Studien
1986
|
| Edição: | 1. Aufl. |
| Colecção: | Forschungsbericht
No.232 |
| Tags: |
Sem tags, seja o primeiro a adicionar uma tag!
|
MARC
| LEADER | 00000nam a2200000 4500 | ||
|---|---|---|---|
| 001 | c028330 | ||
| 005 | 20221207071501.4 | ||
| 041 | 0 | |a ger | |
| 044 | |a AT | ||
| 245 | 1 | 0 | |a Arbeitsmarktpolitische Qualifizierung programme in Österreich |b <Eine> Multidimensionale Wirkungsanalyse |c Georg Aichholzer, Lorenz Lassnigg, Gerd Schienstock |
| 250 | |a 1. Aufl. | ||
| 264 | 1 | |a Wien |b Institut für Höhere Studien |c 1986 | |
| 300 | |a 76 s. | ||
| 490 | 1 | |a Forschungsbericht |v No.232 | |
| 830 | 0 | |a Forschungsbericht |v No.232 | |
| 100 | 1 | |a Aichholzer, Georg | |
| 700 | 1 | |a Lassnigg, Lorenz | |
| 700 | 1 | |a Schienstock, Gerd | |